[Event "Mersin op 6th"]
[Site "Mersin"]
[Date "2022.09.06"]
[Round "4"]
[White "Gunduz, Umut Erdem"]
[Black "Duman, Aydin"]
[Result "0-1"]
[WhiteElo "2341"]
[BlackElo "2131"]
[PlyCount "62"]
[EventDate "2022.09.04"]
[EventType "swiss"]
[EventRounds "9"]
[EventCountry "TUR"]
[SourceTitle "CBM 210 Extra"]
[Source "ChessBase"]
[SourceDate "2022.11.30"]
[SourceVersion "1"]
[SourceVersionDate "2022.11.30"]
[SourceQuality "1"]

1. e4 d5 2. exd5 Qxd5 3. Nc3 Qd6 4. d4 c6 5. Nf3 Nf6 6. Bc4 Be6 7. Bxe6 Qxe6+ 8. Be3 Nbd7 9. 0-0 Qf5 10. Ne2 e6 11. c4 Bd6 12. Ng3 Qa5 13. Bd2 Qc7 14. Re1 0-0 15. Ne4 Bf4 16. Bb4 Rfe8 17. g3 Nxe4 18. Rxe4 Bd6 19. Bc3 Rad8 20. Qc2 Nf6 21. Rh4 g6 22. d5 e5 23. c5 Bxc5 24. Bxe5 Rxe5 25. Nxe5 Rxd5 26. Nd3 Bb6 27. Rf4 Qd8 28. Rf3 Ne4 29. Nf4 Ng5 30. Re3 Bxe3 31. Nxd5 Qxd5 0-1

[Event "TUR-chT 1st League"]
[Site "Konya"]
[Date "2022.08.28"]
[Round "9.2"]
[White "Duman, Aydin"]
[Black "Durak, Can"]
[Result "1-0"]
[WhiteElo "2084"]
[BlackElo "2180"]
[PlyCount "141"]
[EventDate "2022.08.22"]
[EventType "team-swiss"]
[EventRounds "9"]
[EventCountry "TUR"]
[SourceTitle "CBM 209 Extra"]
[Source "ChessBase"]
[SourceDate "2022.09.30"]
[SourceVersion "1"]
[SourceVersionDate "2022.09.30"]
[SourceQuality "1"]
[WhiteTeam "Ankara Dernegi"]
[BlackTeam "Apaydin Dernegi"]
[WhiteTeamCountry "TUR"]
[BlackTeamCountry "TUR"]

1. e4 e5 2. Nf3 Nc6 3. Bc4 Bc5 4. c3 Nf6 5. d3 d6 6. Bb3 a6 7. Nbd2 0-0 8. Nf1 Be6 9. Ng3 h6 10. 0-0 Re8 11. Re1 Ba7 12. Bxe6 fxe6 13. d4 exd4 14. cxd4 Kh8 15. Be3 Ng4 16. Qb3 Nxe3 17. fxe3 Rb8 18. Rac1 Qe7 19. Nh5 Qf7 20. Ng3 Bb6 21. Rf1 Qg6 22. Nd2 Qg5 23. Nc4 Ba7 24. Kh1 d5 25. Na3 dxe4 26. Nxe4 Qd5 27. Qc2 Rf8 28. Nc3 Qg5 29. Qe4 Rf6 30. Rxf6 Qxf6 31. Nc4 Rf8 32. h3 Qf5 33. Qxf5 Rxf5 34. Ne4 Rd5 35. g4 Kg8 36. Kg2 Rd8 37. Kf3 Bb6 38. Nxb6 cxb6 39. Rd1 Rf8+ 40. Ke2 Rc8 41. Kd2 Rd8 42. Ke2 Rc8 43. Nc3 Na5 44. Rc1 Kf7 45. Kd3 Nc6 46. a3 b5 47. Ne4 Ke7 48. Kd2 Rf8 49. Ke2 Rc8 50. Rc3 Rb8 51. Nc5 b4 52. axb4 Nxb4 53. Rb3 a5 54. Nd3 Nd5 55. e4 Nf6 56. Ne5 Kf8 57. Rb6 a4 58. Kd3 Ra8 59. Nc4 Ra7 60. Rxe6 b5 61. Nd6 Kg8 62. Nxb5 Rb7 63. Kc4 Kf7 64. Re5 Rb6 65. Kb4 Ra6 66. Nc3 Rd6 67. Kc4 Ra6 68. Rb5 a3 69. Rb7+ Kf8 70. bxa3 Rxa3 71. e5 1-0

[Event "TUR-chT 1st League"]
[Site "Konya"]
[Date "2022.08.24"]
[Round "4.5"]
[White "Ozates, Tuna"]
[Black "Duman, Aydin"]
[Result "1-0"]
[WhiteElo "2228"]
[BlackElo "2084"]
[PlyCount "97"]
[EventDate "2022.08.22"]
[EventType "team-swiss"]
[EventRounds "9"]
[EventCountry "TUR"]
[SourceTitle "CBM 209 Extra"]
[Source "ChessBase"]
[SourceDate "2022.09.30"]
[SourceVersion "1"]
[SourceVersionDate "2022.09.30"]
[SourceQuality "1"]
[WhiteTeam "Samandag Altin"]
[BlackTeam "Ankara Dernegi"]
[WhiteTeamCountry "TUR"]
[BlackTeamCountry "TUR"]

1. d4 Nf6 2. Bg5 g6 3. Bxf6 exf6 4. e3 d6 5. g3 Nd7 6. Bg2 f5 7. Ne2 h5 8. h4 Nf6 9. Nd2 Bh6 10. c4 0-0 11. Nf4 Re8 12. Rb1 c6 13. b4 a6 14. a4 Bxf4 15. gxf4 Ne4 16. Qc2 Qe7 17. Nf3 Bd7 18. c5 Be6 19. Ng5 Bd5 20. Bxe4 Bxe4 21. Nxe4 fxe4 22. cxd6 Qxd6 23. Rg1 Qe6 24. Rg3 Rad8 25. Ke2 Rd5 26. a5 Rb5 27. Qb3 Qf6 28. Rbg1 Kg7 29. Rg5 Rd8 30. Rxb5 cxb5 31. Rg5 Rc8 32. Qd5 Rc2+ 33. Kf1 Qe7 34. f5 Kh6 35. fxg6 fxg6 36. Qe5 Rc1+ 37. Kg2 Qxe5 38. Rxe5 Rc4 39. d5 Kg7 40. d6 Rc6 41. Rxe4 Rxd6 42. Re7+ Kf6 43. Rxb7 Kf5 44. Rb6 Rd2 45. Rxa6 Rb2 46. Ra8 Rxb4 47. a6 Kg4 48. a7 Ra4 49. Rf8 1-0

[Event "TUR-chT 2nd League"]
[Site "Konya"]
[Date "2017.07.22"]
[Round "8.1"]
[White "Duman, Aydin"]
[Black "Koksal, Recep"]
[Result "1-0"]
[WhiteElo "2056"]
[BlackElo "1736"]
[PlyCount "223"]
[EventDate "2017.07.17"]
[EventType "team-swiss"]
[EventRounds "9"]
[EventCountry "TUR"]
[SourceTitle "CBM 179 Extra"]
[Source "ChessBase"]
[SourceDate "2017.08.23"]
[SourceVersion "1"]
[SourceVersionDate "2017.08.23"]
[SourceQuality "1"]
[WhiteTeam "Berk Tugra Caliskan"]
[BlackTeam "Samsun Gercek"]
[WhiteTeamCountry "TUR"]
[BlackTeamCountry "TUR"]

1. e4 e5 2. Nf3 Nc6 3. Bc4 Bc5 4. d3 Nf6 5. a4 a5 6. c3 0-0 7. Bg5 h6 8. Bh4 Be7 9. Na3 d6 10. Qb3 Nd7 11. Bg3 Nc5 12. Qc2 Bg4 13. Nd2 Bg5 14. 0-0 Ne6 15. f3 Bh5 16. Bxe6 fxe6 17. Ndc4 Bf4 18. Bxf4 Rxf4 19. Nb5 Qe7 20. d4 Raf8 21. Ne3 Qg5 22. Nxc7 Rxf3 23. Rxf3 Bxf3 24. Re1 Bg4 25. d5 Nd8 26. Nxg4 Qxg4 27. dxe6 Nxe6 28. Nxe6 Qxe6 29. h3 Qc4 30. Qd2 Qc5+ 31. Qe3 Qc6 32. b3 b5 33. axb5 Qxb5 34. c4 Qb4 35. Rd1 Rf6 36. Ra1 Rf4 37. g3 Rf6 38. Ra4 Qb8 39. Rxa5 Rf3 40. Qxf3 Qb6+ 41. Kg2 Qxa5 42. Qd3 Kh7 43. h4 Qa2+ 44. Kh3 h5 45. Qf3 Kg8 46. g4 hxg4+ 47. Kxg4 Qd2 48. h5 Qh6 49. b4 Qe6+ 50. Kg5 Qe7+ 51. Kg4 Qe6+ 52. Qf5 Qxc4 53. h6 Qe2+ 54. Qf3 Qc4 55. Kh5 gxh6 56. Qg4+ Kf8 57. Kxh6 Ke8 58. Kg7 Qf7+ 59. Kh8 Qf8+ 60. Kh7 Qf7+ 61. Kh6 Qf4+ 62. Kh5 Qf7+ 63. Kg5 Qe7+ 64. Kh6 Qf8+ 65. Kh5 Qh8+ 66. Kg5 Qg7+ 67. Kh4 Qf6+ 68. Kg3 Qf1 69. Qe6+ Kd8 70. Qxd6+ Kc8 71. Qc5+ Kd7 72. Qd5+ Kc8 73. Kg4 Qf4+ 74. Kh5 Kc7 75. Kg6 Kb6 76. Qc5+ Kb7 77. Qe7+ Kb6 78. Qf6+ Kb7 79. Qf5 Kb6 80. Qf6+ Kb7 81. Qe7+ Kb6 82. Qd6+ Kb7 83. Qd5+ Kb6 84. Qa5+ Kb7 85. Qb5+ Kc7 86. Qc4+ Kb7 87. b5 Qg4+ 88. Kf6 Qf4+ 89. Ke6 Qg4+ 90. Kd6 Qg6+ 91. Ke7 Qh7+ 92. Kd6 Qg6+ 93. Kxe5 Qg7+ 94. Kd5 Qd7+ 95. Kc5 Qe7+ 96. Kd4 Qf6+ 97. e5 Qf2+ 98. Kd5 Qd2+ 99. Qd4 Qg5 100. Kc4 Qc1+ 101. Qc3 Qf4+ 102. Kb3 Qf7+ 103. Kb2 Qf2+ 104. Ka3 Qf8+ 105. Ka4 Qa8+ 106. Qa5 Qh8 107. Qa6+ Kb8 108. Qd6+ Kb7 109. Ka5 Qh2 110. Qd5+ Kb8 111. Ka6 Qh7 112. Qd8# 1-0

[Event "TUR-chT 2nd League"]
[Site "Konya"]
[Date "2017.07.18"]
[Round "2.2"]
[White "Duman, Aydin"]
[Black "Eke, Salih"]
[Result "1-0"]
[WhiteElo "2056"]
[BlackElo "1669"]
[PlyCount "83"]
[EventDate "2017.07.17"]
[EventType "team-swiss"]
[EventRounds "9"]
[EventCountry "TUR"]
[SourceTitle "CBM 179 Extra"]
[Source "ChessBase"]
[SourceDate "2017.08.23"]
[SourceVersion "1"]
[SourceVersionDate "2017.08.23"]
[SourceQuality "1"]
[WhiteTeam "Berk Tugra Caliskan"]
[BlackTeam "Genc Efe Izcilik"]
[WhiteTeamCountry "TUR"]
[BlackTeamCountry "TUR"]

1. e4 c5 2. Nf3 Nc6 3. Bb5 d6 4. 0-0 Bd7 5. c3 Nf6 6. Re1 a6 7. Ba4 b5 8. Bc2 Bg4 9. d3 e5 10. h3 Bh5 11. Nbd2 Be7 12. Nf1 0-0 13. Ng3 Bg6 14. Nh4 d5 15. Nxg6 hxg6 16. exd5 Nxd5 17. Qf3 Qd7 18. Ne4 b4 19. Bd2 bxc3 20. bxc3 Rad8 21. Rab1 Nc7 22. Rb7 Na5 23. Ba4 Qc8 24. Rbb1 Ne6 25. Ng3 Qc7 26. Nf1 c4 27. dxc4 Nxc4 28. Be3 Qa5 29. Bb3 Nxe3 30. Nxe3 Ng5 31. Qb7 Bc5 32. Nd5 Rfe8 33. h4 Ne6 34. Rxe5 Rb8 35. Qc6 Rbc8 36. Ne7+ Rxe7 37. Qxc8+ Kh7 38. Rbe1 Qb6 39. Rxc5 Nxc5 40. Rxe7 Nd3 41. Rxf7 Qd6 42. Rf8 1-0

[Event "Mersin op 1st"]
[Site "Mersin"]
[Date "2016.10.24"]
[Round "2"]
[White "Duman, Aydin"]
[Black "Sadikhov, Ulvi Ramil Oglu"]
[Result "0-1"]
[WhiteElo "2079"]
[BlackElo "2408"]
[PlyCount "79"]
[EventDate "2016.10.23"]
[EventType "swiss"]
[EventRounds "9"]
[EventCountry "TUR"]
[SourceTitle "EXT 2018"]
[Source "ChessBase"]
[SourceDate "2017.10.13"]
[SourceVersion "1"]
[SourceVersionDate "2017.10.13"]
[SourceQuality "1"]

1. e4 c5 2. Nf3 Nc6 3. Bb5 d6 4. 0-0 Bd7 5. Re1 Nf6 6. c3 a6 7. Bxc6 Bxc6 8. d4 Bxe4 9. Bg5 d5 10. dxc5 e6 11. b4 Be7 12. Nbd2 Bxf3 13. Qxf3 0-0 14. Rad1 a5 15. a3 Qc7 16. Bf4 Qc6 17. Ra1 Qa4 18. Qd1 Qc6 19. Nb3 axb4 20. cxb4 Qa6 21. Be5 Rfc8 22. Bb2 b6 23. cxb6 Qxb6 24. Bd4 Qb7 25. Bc5 Ne4 26. Bxe7 Qxe7 27. f3 Nc3 28. Qd3 Rc4 29. Rec1 Rac8 30. Rc2 Qa7+ 31. Kf1 Nb5 32. Nc5 Rxb4 33. axb4 Qxa1+ 34. Kf2 Qb1 35. Qd2 Nd6 36. Rb2 Qf5 37. Qd3 Qe5 38. Re2 Qxh2 39. Qa6 Qh4+ 40. Kf1 0-1

[Event "TUR-chT"]
[Site "Izmir"]
[Date "2016.08.05"]
[Round "13.6"]
[White "Baylav, Bartu"]
[Black "Duman, Aydin"]
[Result "0-1"]
[WhiteElo "1665"]
[BlackElo "2184"]
[PlyCount "76"]
[EventDate "2016.07.25"]
[EventType "team-swiss"]
[EventRounds "13"]
[EventCountry "TUR"]
[SourceTitle "CBM 173 Extra"]
[Source "ChessBase"]
[SourceDate "2016.08.29"]
[SourceVersion "1"]
[SourceVersionDate "2016.08.29"]
[SourceQuality "1"]
[WhiteTeam "Kocaeli Buyuksehir Belediyesi"]
[BlackTeam "Akdeniz Vida Metal"]
[WhiteTeamCountry "TUR"]
[BlackTeamCountry "TUR"]

1. d4 Nf6 2. c4 g6 3. Nc3 Bg7 4. e4 d6 5. f3 0-0 6. Be3 c6 7. Qd2 a6 8. a4 a5 9. Nge2 Na6 10. Nc1 e5 11. d5 cxd5 12. cxd5 Nd7 13. Nd3 f5 14. Be2 b6 15. 0-0 Nac5 16. Nxc5 Nxc5 17. Bxc5 bxc5 18. Nb5 Bf6 19. Na3 Bg5 20. Qc3 h5 21. Bb5 h4 22. Bc6 Ra7 23. Nc4 Bf4 24. Ra3 fxe4 25. Qc2 Qf6 26. Qxe4 Bf5 27. Qe2 Re7 28. Nd2 e4 29. fxe4 Qd4+ 30. Qf2 Bxd2 31. Qxd4 cxd4 32. exf5 Re2 33. g4 Be3+ 34. Kh1 Rxb2 35. Bd7 Kg7 36. Bb5 gxf5 37. gxf5 Kf6 38. Bd7 Rg8 0-1

[Event "TUR-chT"]
[Site "Kocaeli"]
[Date "2014.08.29"]
[Round "13.2"]
[White "Duman, Aydin"]
[Black "Miroshnichenko, Evgenij"]
[Result "0-1"]
[WhiteElo "2244"]
[BlackElo "2602"]
[PlyCount "72"]
[EventDate "2014.08.18"]
[EventType "team-tourn"]
[EventRounds "13"]
[EventCountry "TUR"]
[SourceTitle "CBM 162 Extra"]
[Source "ChessBase"]
[SourceDate "2014.10.17"]
[SourceVersion "1"]
[SourceVersionDate "2014.10.17"]
[SourceQuality "1"]
[WhiteTeam "Mersin Ezgi"]
[BlackTeam "Tarsus Zeka"]
[WhiteTeamCountry "TUR"]
[BlackTeamCountry "TUR"]

1. e4 d5 2. exd5 Qxd5 3. Nc3 Qd6 4. d4 Nf6 5. Nf3 g6 6. Ne5 Bg7 7. Nb5 Qd8 8. c4 0-0 9. Be2 Nbd7 10. Bf4 c6 11. Nc3 Qb6 12. c5 Qxb2 13. Rc1 Nxe5 14. Bxe5 Rd8 15. 0-0 Ne4 16. Rc2 Qa3 17. Qc1 Qxc1 18. Rfxc1 Bxe5 19. dxe5 Nxc5 20. f4 Bf5 21. Rb2 h5 22. g3 b6 23. a4 Rd4 24. a5 bxa5 25. Nd1 Nd3 26. Bxd3 Rxd3 27. Nf2 Ra3 28. Rxc6 Ra1+ 29. Kg2 Be6 30. Rd2 a4 31. Ra6 a3 32. Ne4 Rc8 33. Ng5 Bc4 34. Rxa7 a2 35. h3 Bb3 36. Ne4 Re1 0-1

[Event "Izmir op 12th"]
[Site "Izmir"]
[Date "2013.09.07"]
[Round "8"]
[White "Duman, Aydin"]
[Black "Yagupov, Igor"]
[Result "0-1"]
[WhiteElo "2271"]
[BlackElo "2435"]
[PlyCount "92"]
[EventDate "2013.09.01"]
[EventType "swiss"]
[EventRounds "9"]
[EventCountry "TUR"]
[SourceTitle "CBM 156 Extra"]
[Source "ChessBase"]
[SourceDate "2013.10.22"]
[SourceVersion "1"]
[SourceVersionDate "2013.10.22"]
[SourceQuality "1"]

1. e4 c5 2. Nf3 e6 3. Nc3 a6 4. g3 Nc6 5. Bg2 Qc7 6. 0-0 Nf6 7. Re1 d6 8. d4 cxd4 9. Nxd4 Nd7 10. Nxc6 bxc6 11. Na4 Bb7 12. c4 c5 13. b3 Be7 14. Bb2 0-0 15. Qg4 Bf6 16. Bxf6 Nxf6 17. Qe2 e5 18. Rad1 Rad8 19. Rd3 Rfe8 20. Red1 h6 21. Nc3 Re7 22. Qd2 Ne8 23. f4 exf4 24. Qxf4 f6 25. Bh3 Re5 26. Bf5 Qf7 27. Qg4 g5 28. Qh3 h5 29. Nd5 Ng7 30. Qf1 Nxf5 31. exf5 Rde8 32. Qf2 Re2 33. Qf3 Kg7 34. R3d2 Rxd2 35. Rxd2 Re5 36. Qd3 Qe8 37. Nc7 Qc6 38. Nd5 Qe8 39. Kf2 Bxd5 40. cxd5 Qc8 41. a3 a5 42. Kf1 Qxf5+ 43. Qxf5 Rxf5+ 44. Ke2 Re5+ 45. Kd1 Re3 46. Kc2 f5 0-1

[Event "Izmir op 12th"]
[Site "Izmir"]
[Date "2013.09.05"]
[Round "5"]
[White "Koziak, Vitali"]
[Black "Duman, Aydin"]
[Result "1-0"]
[WhiteElo "2508"]
[BlackElo "2271"]
[PlyCount "77"]
[EventDate "2013.09.01"]
[EventType "swiss"]
[EventRounds "9"]
[EventCountry "TUR"]
[SourceTitle "CBM 156 Extra"]
[Source "ChessBase"]
[SourceDate "2013.10.22"]
[SourceVersion "1"]
[SourceVersionDate "2013.10.22"]
[SourceQuality "1"]

1. e4 d6 2. d4 Nf6 3. Nc3 e5 4. Nf3 Nbd7 5. Bc4 Be7 6. 0-0 0-0 7. a4 a5 8. Re1 c6 9. h3 Nb6 10. Ba2 Nfd7 11. Be3 exd4 12. Bxd4 Nc5 13. Bxc5 dxc5 14. Qe2 Qc7 15. e5 Be6 16. Bxe6 fxe6 17. Ne4 Nd5 18. c4 Nf4 19. Qe3 Rf5 20. Ng3 Rf7 21. Ne2 Ng6 22. Rad1 Raf8 23. b3 Rf5 24. Ng3 R5f7 25. Qc3 Nf4 26. Re3 Rd8 27. Rxd8+ Qxd8 28. Re1 Qf8 29. Re3 Qd8 30. Qe1 Bf8 31. Qb1 Rd7 32. Qe4 Rd1+ 33. Kh2 Nd3 34. Qg4 Nxf2 35. Qxe6+ Kh8 36. Qf5 Be7 37. Qc2 Nxh3 38. gxh3 Bg5 39. Nxg5 1-0

[Event "Kesan op 11th"]
[Site "Edirne"]
[Date "2013.08.30"]
[Round "8"]
[White "Sen, Ugur"]
[Black "Duman, Aydin"]
[Result "0-1"]
[WhiteElo "1609"]
[BlackElo "2271"]
[PlyCount "66"]
[EventDate "2013.08.26"]
[EventType "swiss"]
[EventRounds "9"]
[EventCountry "TUR"]
[SourceTitle "CBM 156 Extra"]
[Source "ChessBase"]
[SourceDate "2013.10.22"]
[SourceVersion "1"]
[SourceVersionDate "2013.10.22"]
[SourceQuality "1"]

1. e4 c5 2. Nc3 Nc6 3. f4 g6 4. Nf3 Bg7 5. Bc4 e6 6. 0-0 Nge7 7. d3 d5 8. exd5 exd5 9. Bb3 0-0 10. Ne2 b5 11. c3 Qb6 12. Kh1 c4 13. dxc4 dxc4 14. Bc2 Bf5 15. Ng3 Rad8 16. Bd2 Bd3 17. Re1 Nd5 18. a4 b4 19. Bxd3 cxd3 20. c4 Nc7 21. c5 Qxc5 22. Rc1 Qd5 23. Bxb4 Nxb4 24. Rxc7 a5 25. b3 Rd7 26. Rc4 Rfd8 27. Ree4 f5 28. Re5 Bxe5 29. Nxe5 Re7 30. h4 Rxe5 31. fxe5 Qxe5 32. Kh2 d2 33. h5 Rd3 0-1

[Event "Kesan op 11th"]
[Site "Edirne"]
[Date "2013.08.28"]
[Round "3"]
[White "Duman, Aydin"]
[Black "Bulut, Mursel"]
[Result "1-0"]
[WhiteElo "2271"]
[BlackElo "1754"]
[PlyCount "73"]
[EventDate "2013.08.26"]
[EventType "swiss"]
[EventRounds "9"]
[EventCountry "TUR"]
[SourceTitle "CBM 156 Extra"]
[Source "ChessBase"]
[SourceDate "2013.10.22"]
[SourceVersion "1"]
[SourceVersionDate "2013.10.22"]
[SourceQuality "1"]

1. e4 c6 2. Nf3 d5 3. Nc3 dxe4 4. Nxe4 Bf5 5. Ng3 Bg6 6. h4 h6 7. Ne5 Bh7 8. Qh5 g6 9. Bc4 e6 10. Qe2 Qe7 11. d4 Nf6 12. Bd2 Bg7 13. 0-0-0 Nbd7 14. Rhe1 Nxe5 15. dxe5 Nd7 16. f4 Qxh4 17. Ne4 0-0 18. Ng5 hxg5 19. Rh1 Qg3 20. Rh3 Qxh3 21. gxh3 Nb6 22. Bb3 gxf4 23. Bxf4 Rad8 24. Bg5 Rxd1+ 25. Kxd1 Re8 26. h4 Rc8 27. Ke1 Rc7 28. c4 Rd7 29. Qe3 Nc8 30. Bc2 a6 31. Bf6 Ne7 32. Qg5 Nf5 33. Bxf5 exf5 34. h5 Rd4 35. Bxg7 Kxg7 36. h6+ Kf8 37. Qf6 1-0

[Event "Kesan op 11th"]
[Site "Edirne"]
[Date "2013.08.28"]
[Round "4"]
[White "Hajiyev, Shahin Qabil"]
[Black "Duman, Aydin"]
[Result "1-0"]
[WhiteElo "2113"]
[BlackElo "2271"]
[PlyCount "137"]
[EventDate "2013.08.26"]
[EventType "swiss"]
[EventRounds "9"]
[EventCountry "TUR"]
[SourceTitle "CBM 156 Extra"]
[Source "ChessBase"]
[SourceDate "2013.10.22"]
[SourceVersion "1"]
[SourceVersionDate "2013.10.22"]
[SourceQuality "1"]

1. d4 d6 2. e4 Nf6 3. Nc3 e5 4. Nf3 Nbd7 5. Bc4 Be7 6. 0-0 0-0 7. h3 c6 8. a4 a5 9. Be3 Nb6 10. Bb3 Nfd7 11. dxe5 dxe5 12. Qe2 Qc7 13. Nd2 Nc5 14. Nc4 Nxc4 15. Bxc4 Ne6 16. Rfd1 Nf4 17. Qf3 Be6 18. Bxe6 fxe6 19. Ne2 Kh8 20. Nxf4 exf4 21. Bd4 e5 22. Bc3 b5 23. b3 b4 24. Bb2 Bf6 25. Rd3 c5 26. c4 bxc3 27. Rxc3 Be7 28. Rd1 Rfd8 29. Rcd3 Rd4 30. Bxd4 cxd4 31. Qh5 g6 32. Qg4 Bb4 33. h4 Rf8 34. h5 Rg8 35. Rh3 g5 36. Qe6 g4 37. Rh4 Qe7 38. Qxe7 Bxe7 39. Rh1 Rc8 40. Kh2 Ba3 41. Rd3 Rc2 42. f3 gxf3 43. Rxf3 Re2 44. Ra1 Bb4 45. Rc1 Rxe4 46. h6 Kg8 47. Rc7 Re3 48. Rg7+ Kh8 49. Rd7 Bf8 50. Rh3 Re2 51. Kg1 Rc2 52. Rh5 Rc8 53. Rxe5 Bxh6 54. Rxa5 Bf8 55. Rad5 Kg8 56. Rg5+ Kh8 57. Kf1 h6 58. Rf5 Bg7 59. Rxf4 Rb8 60. Rff7 Be5 61. Rb7 Rd8 62. Ke2 Kg8 63. Kd3 Rc8 64. Ke4 Bh8 65. Rfd7 Re8+ 66. Kd3 Re3+ 67. Kd2 Re8 68. a5 Bf6 69. a6 1-0

[Event "Kesan op 11th"]
[Site "Edirne"]
[Date "2013.08.26"]
[Round "1"]
[White "Duman, Aydin"]
[Black "Tarlabasi, Emirhan"]
[Result "1-0"]
[WhiteElo "2271"]
[BlackElo "1790"]
[PlyCount "117"]
[EventDate "2013.08.26"]
[EventType "swiss"]
[EventRounds "9"]
[EventCountry "TUR"]
[SourceTitle "CBM 156 Extra"]
[Source "ChessBase"]
[SourceDate "2013.10.22"]
[SourceVersion "1"]
[SourceVersionDate "2013.10.22"]
[SourceQuality "1"]

1. e4 c5 2. Nf3 Nc6 3. Bb5 g6 4. 0-0 Bg7 5. c3 e6 6. d4 cxd4 7. cxd4 a6 8. Bxc6 dxc6 9. e5 Ne7 10. Nc3 0-0 11. Ne4 Nf5 12. Bg5 Qc7 13. Qd2 h6 14. Bf6 b6 15. Qf4 Bxf6 16. Nxf6+ Kg7 17. Rac1 Rd8 18. g4 Ne7 19. Rc3 Nd5 20. Nxd5 Rxd5 21. Qf6+ Kg8 22. Qf4 Kg7 23. Qf6+ Kg8 24. h4 Bb7 25. Qf4 Kg7 26. h5 Qe7 27. g5 hxg5 28. Nxg5 Rh8 29. hxg6 Rxd4 30. Qxf7+ Qxf7 31. gxf7 c5 32. f3 Bd5 33. Rc2 Bxa2 34. Rg2 Kf8 35. Rg4 Rh4 36. Rxh4 Rxh4 37. Kg2 Bd5 38. Kg3 Rh6 39. b4 c4 40. Ra1 Bb7 41. Kf4 b5 42. Ke3 Ke7 43. Kd4 Bc8 44. Kc5 Rh4 45. Rd1 Rh8 46. f4 Bd7 47. Kb6 Rc8 48. Nh7 Kxf7 49. Rxd7+ Kg6 50. Ng5 Kf5 51. Rf7+ Kg4 52. Nxe6 c3 53. Nd4 Rd8 54. Nb3 c2 55. e6 Kf3 56. Rd7 Re8 57. f5 Kf4 58. Rd5 Ke4 59. Rc5 1-0